000 00781nam a2200241 a 4500
999 _c11823
_d11823
001 11823
003 BD-JhCC
005 20220223134022.0
008 190527b2015 bd a|||| a|a| 000 0 ben d
020 _a9789849116639
035 _a(BD-JhCC)11823
040 _aBD-JhCC
_dBD-JhCC
041 _aben
082 _a658.4058
_bRAH 2015
100 _aরহমান, শাওন
245 _aআউটসোর্সিং:
_bকি ও কেন? /
_cশাওন রহমান, তৌশিকুর রহমান ।
260 _aঢাকা:
_bঅন্বেষা;
_c২০১৫.
300 _a192 p. :
_bill;
_c22 cm.
650 _aInformation technology--Management
700 _a রহমান,তৌশিকুর
942 _2ddc
_cBK
_01